000 00650nam a2200277Ia 4500
005 20260121124422.0
008 008 260114s9999 xx 000 0 eng d
020 _a9781805432869
037 _aEBOOK
040 _aCRL
040 _beng
040 _cCRL
041 _2eng
041 _aeng
084 _qCRL
100 _aDowdall, Tim
_9975666
245 0 _aMax Stirner and Nihilism
260 _bWalter de Gruyter
260 _bWalter de Gruyter
260 _c2024
650 _aPhilosophy
_9975667
856 _uhttp://www.degruyter.com/isbn/9781805432869
942 _cEBOOK
999 _c1554451
_d1554451